Score 0/20 Timer 05:00
0 Plays Today
Hint Answer % Correct
Diamond
99.5%
Coin
99%
Gold Bar
99%
Key
98.9%
Apple
98.7%
Mirror
98.6%
Bald Head
98.5%
Chain
98.4%
Sunglasses
98.2%
Bowling Ball
98.1%
Hint Answer % Correct
Leather Jacket
97.6%
Pocket Watch
97.4%
Wrench
96.9%
Marble
96.2%
Disco Ball
96%
Knife
95.4%
Fishing Lure
92.9%
Chrome Rims
87.9%
Aluminum Foil
86.9%
Bender
60.7%
Remove Ads.
Support Sporcle.
Get the best of Sporcle when you Go Orange. This ad-free experience offers more features, more stats, and more fun while also helping to support Sporcle. Thank you for becoming a member.

You're not logged in!

Compare scores with friends on all Sporcle quizzes.
OR
Log In

Show Comments

Extras

Top Quizzes Today


Score Distribution

Your Account Isn't Verified!

In order to create a playlist on Sporcle, you need to verify the email address you used during registration. Go to your Sporcle Settings to finish the process.

Report this User

Report this user for behavior that violates our Community Guidelines.

Details: